Bordering Countries With the Same First Letter - Statistics

General Stats
  • This quiz has been taken 66 times
    31 since last reset
  • The average score is 11 of 17
Answer Stats
Initial Countries % Correct
A Azerbaijan; Armenia
85%
Z Zambia; Zimbabwe
85%
M Mauritania; Mali
75%
B Brazil; Bolivia
70%
K Kyrgyzstan; Kazakhstan
70%
C Chad; Central African Republic
65%
E Ethiopia; Eritrea
65%
I Iran; Iraq
65%
N Niger; Nigeria
65%
S Sudan; South Sudan
65%
B Benin; Burkina Faso
60%
L Latvia; Lithuania
60%
C Central African Republic; Cameroon
55%
G Guinea; Guinea Bissau
55%
C Chad; Cameroon
50%
M Malawi; Mozambique
50%
M Mauritania; Morocco
50%
No matching quizzes found
Score Distribution
Percent of People with Each Score
Percentile by Number Answered
Your Score History
You have not taken this quiz since the last reset